[Event "Muensterland Verbandsklasse playoff 1-4"]
[Site "Germany"]
[Date "2023.04.22"]
[Round "2.2"]
[White "Wenning, Niels"]
[Black "Busswolder, Peter"]
[Result "1/2-1/2"]
[WhiteElo "1977"]
[BlackElo "1766"]
[PlyCount "106"]
[EventDate "2022.03.11"]
[EventType "team-k.o."]
[EventRounds "2"]
[EventCountry "GER"]
[SourceTitle "EXT 2024"]
[Source "ChessBase"]
[SourceDate "2023.10.10"]
[SourceVersion "1"]
[SourceVersionDate "2023.10.10"]
[SourceQuality "1"]
[WhiteTeam "Greven"]
[BlackTeam "Stadtlohn"]
[WhiteTeamCountry "GER"]
[BlackTeamCountry "GER"]

1. e4 d6 2. d4 Nf6 3. Nc3 g6 4. Be3 Bg7 5. Qd2 c6 6. f3 Nbd7 7. h4 Qa5 8. g4 b5 9. Nh3 Nb6 10. Nf4 e5 11. Nh3 exd4 12. Bxd4 Qb4 13. a3 Qa5 14. g5 b4 15. gxf6 Bf8 16. Na2 Qh5 17. Qg5 Qxf3 18. Bg2 Qg4 19. Qxg4 Bxg4 20. Bxb6 axb6 21. Nxb4 Kd7 22. 0-0 Bh6 23. Nf4 Ra5 24. Bf3 Bxf3 25. Rxf3 Re8 26. Re1 Rae5 27. Ng2 d5 28. Nd3 Rxe4 29. Rff1 Bd2 30. Rd1 Bh6 31. Rde1 Bd2 32. Rd1 Bh6 33. Ndf4 Rc4 34. c3 Ree4 35. Nd3 Kd6 36. Rfe1 c5 37. Nf2 Re6 38. Rxe6+ Kxe6 39. Re1+ Kxf6 40. Nh3 d4 41. cxd4 Rxd4 42. Rf1+ Kg7 43. Ngf4 Rd2 44. Rf2 Rd6 45. Kg2 Kg8 46. Re2 Bf8 47. Kf3 h6 48. Nf2 Rd4 49. Ne4 f5 50. Ng3 Bd6 51. Ng2 Rd3+ 52. Re3 Rd2 53. Re2 Rd3+ 1/2-1/2